• 首页
  • 本馆介绍
  • 公告通知
  • 最新文献
  • 馆藏检索
  • 电子资源
  • 读者导购
  • 参考咨询
  • 我的图书馆
  • 登录
  • 详细信息显示
  • 放入我的书架
  • 预约/预借图书
  • 作者相关作品
  • 分类相关作品
  • 丛书相关作品
  • 出版社相关作品

书目信息

  • 表格格式
  • 工作单格式
  • 卡片格式
题名:
沙特阿拉伯
    
 
作者: 普罗申 著 ;北京大学历史系 译
分册:  
出版信息: 北京   北京人民出版社  1973.07
页数: 494页
开本: 20cm
丛书名:
单 册:
中图分类: K384
科图分类:
主题词: 亚洲--历史
电子资源:
ISBN:
000 00803nam0 2200253 45
001 0212161512
005 20031219104102.3
010    @dCNY1.32
091    @a11071.3
100    @a20021216d1973 km y0chiy0120 ea
101 0  @achi
105    @a z 000yy
200 1  @a沙特阿拉伯@ASha Te A La Bo@e历史与经济概况@ELi Shi Yu Jing Ji Gai Kuang@f(苏)尼·伊·普罗申著@F(Su)Ni·Yi·Pu Luo Shen Zhu@g北京大学历史系译
210    @a北京@c北京人民出版社@d1973.07
215    @a494页@d20cm
300    @a内部读物
300    @a根据苏联科学出版社1964年版译出
517    @a历史与经济概况@ALi Shi Yu Jing Ji Gai Kuang
606 0  @a亚洲@x历史
690    @aK384@v3
701  0 @a普罗申@4著
712 02 @a北京大学历史系@ABei Jing Da Xue Li Shi Xi@4译
801    @aCN@bTSTC@c20021216
905    @f1@b219197@dK384@e10
    
    沙特阿拉伯:历史与经济概况/(苏)尼·伊·普罗申著/北京大学历史系译.-北京:北京人民出版社,1973.07
    494页;20cm
    内部读物.-根据苏联科学出版社1964年版译出
    
    ISBN :CNY1.32
    
●
相关链接 在E读中查询图书 在五车中查询图书 在当当中查询图书 在豆瓣中查询图书


正题名:沙特阿拉伯     索取号:K384/10         预约/预借

序号 登录号 条形码 馆藏地/架位号 状态 备注
1 0219197   001737240   第二样本阅览室/ [索取号:K384/10] 在馆    
唐山师范学院图书馆 欢迎您!
大连网信软件有限公司© 版权所有